000
00186 a2200097 4500
001
456
100
_a
Durell,CV
245
_a
Advanced Algebra
260
_a
_b
G Bell
_c
090
_c
74
_d
74
942
_a
NUST-CAE
_c
M
_c
34044
999
_c
235529
_d
235529